Statistics for Superheroes by Synonyms

Click here to take the quiz!

General Stats

  • This quiz has been taken 261 times
  • The average score is 10 of 15

Answer Stats

SynonymsAnswer% Correct
Commander USACaptain America
97%
Arachnid-MaleSpider-Man
97%
Dark PumaBlack Panther
94%
(Opposite of red) LampGreen Lantern
86%
Metal MaleIron Man
86%
Dark (Woman with dead husband)Black Widow
85%
Teacher (24th letter in alphabet)Professor X
75%
Magnificent MaleSuperman
74%
(Flying mammal) MaleBatman
65%
Bedtime (Person who crawls)Nightcrawler
65%
Metal HandIron Fist
57%
(Homo sapien) BeaconHuman Torch
56%
Monster (Young male)Beast Boy
38%
GlimmerThe Flash
29%
(Huge ball of heat and pressure) FlameStarfire
28%

Score Distribution

Percentile by Number Answered

Percent of People with Each Score

Your Score History

You have not taken this quiz